Regions and Collectivities of France on a Map - Statistics

General Stats
  • This quiz has been taken 16,807 times
  • The average score is 14 of 24
Answers on the Map
Answers color-coded by a green-red scale on the quiz's map according to % correct below.
 
Answer Stats
Type Subdivision % Correct
Overseas region French Guiana
96%
Metropolitan region Brittany
80%
Metropolitan region Normandy
79%
Overseas region Martinique
71%
Metropolitan region Corsica
68%
Overseas collectivity French Polynesia
68%
Overseas region Guadeloupe
68%
Overseas region Réunion
68%
Sui generis collectivity New Caledonia
66%
Metropolitan region Île-de-France
64%
Overseas collectivity Saint Martin
62%
Overseas collectivity Saint Pierre and Miquelon
60%
Metropolitan region Provence-Alpes-Côte d'Azur
59%
Overseas region Mayotte
52%
Metropolitan region Bourgogne-Franche-Comté
48%
Metropolitan region Pays de la Loire
47%
Metropolitan region Grand Est
45%
Metropolitan region Nouvelle-Aquitaine
45%
Metropolitan region Occitanie
45%
Metropolitan region Auvergne-Rhône-Alpes
42%
Metropolitan region Centre-Val de Loire
38%
Metropolitan region Hauts-de-France
37%
Overseas collectivity Saint Barthélemy
34%
Overseas collectivity Wallis and Futuna
34%
No matching quizzes found
Score Distribution
Percent of People with Each Score
Percentile by Number Answered
Your Score History
You have not taken this quiz